000 00288nam a22001097a 4500
082 _a320/JOG
100 _aJog,B.N.
_981411
245 _aPandit Deendayal Upadhayaya Ideology and Perception
260 _aNew Delhi
_bSuruchi Prakashan
_c1991
650 _aPolitical Science
942 _cBK
999 _c65411
_d65411